000 00778nam a2200229Ia 4500
001 4219
003 GE_BSU
008 181216s||||||||xx |||||||||||||| ||und||
040 _cGE_BSU
080 _a66.0(035.3)
100 _aПерри, Джон.
245 _aСправочник инженера-химика=Chemical Engineers' Handbook.
245 _cПод ред. Н.М.Жаворонкова. П.Г.Романкова. Ред. В.А.Коц, Ю.К.Кузнецов и др.
250 _aПеревод с англ.
260 _aМ.
260 _bХимия.
260 _c1969.
300 _a640 стр. 27 см.
300 _e332 таб. 397 рис.
653 _aСправочник инженера-химика=Chemical Engineers' Handbook.
942 _cBK
999 _c38229
_d38229